000 00313nam a2200121Ia 4500
008 180130s9999||||xx |||||||||||||| ||und||
020 _a978-986-369-040-5
100 _a秦建成
245 0 _c秦建成
_a部門績效考核的量化管理
250 _a增訂六版
260 _c2016
_a台北市
300 _c cm.
_a p.
942 _2ccl
_cBOOK
999 _c808
_d808